000 00606nam a22001455i 4500
001 153989
003 ES-MaACL
005 20230906205452.0
008 050823s1839 sp | |||||||| ||spa d
040 _aCAM
_bspa
_cCAM
245 0 0 _aEspediente [sic] sobre la limpia del Guadalquivir
_b: propuesta por la empresa de la provincia Bética.
260 _aCádiz :
_b[s.n.],
_c1839 (
_fImprenta de la Casa de Misericordia, á cargo de Manuel Quesada)
300 _aXVI, 93 p. ;
_c20 cm.
852 _aES-MaACL
_jR-3092(6)
_xOlim:T-130-F
_z-- Enc. hol., falto de la enc. original
_z-- Enc. en un vol. facticio
999 _c153989
_d153989